Statistics for Swansea City Premier League Players

Click here to take the quiz!

General Stats

  • This quiz has been taken 267 times
  • The average score is 33 of 75

Answer Stats

The Swans% Correct
Michu
90%
Michel Vorm
78%
Ashley Williams
76%
Wilfred Bony
74%
Lukasz Fabianski
73%
Wayne Routledge
73%
Nathan Dyer
72%
Gylfi Sigurdsson
71%
Joe Allen
70%
Leon Britton
69%
Leroy Fer
68%
Angel Rangel
65%
Ben Davies
65%
Neil Taylor
65%
André Ayew
63%
Jordan Ayew
62%
Sung-yueng Ki
61%
Jonathan de Guzman
60%
Kyle Naughton
60%
Scott Sinclair
60%
Gary Monk
59%
Gerhard Tremmel
56%
Danny Graham
55%
Chico Flores
54%
Federico Fernandez
53%
Fernando Llorente
53%
Bafetimbi Gomis
52%
Jonjo Shelvey
52%
Alan Tate
47%
Jefferson Montero
47%
Alfie Mawson
46%
Connor Roberts
46%
Renato Sanches
46%
Matt Grimes
45%
Pablo Hernandez
45%
Jack Cork
43%
Oliver McBurnie
43%
Jay Fulton
40%
Jordi Amat
39%
Martin Olsson
39%
Alejandro Pozuelo
38%
Dwight Tiendalli
38%
Tammy Abraham
36%
Andy King
35%
Jose Canas
35%
Sam Clucas
35%
Tom Carroll
35%
Mike van der Hoorn
34%
Stephen Dobbie
33%
Steven Caulker
33%
Modou Barrow
31%
Kristoffer Nordfeldt
30%
Leroy Lita
30%
Roque Mesa
30%
Eder
28%
Kyle Bartley
28%
Luke Moore
28%
Borja Baston
27%
Stephen Kingsley
27%
David N'Gog
26%
Luciano Narsingh
26%
Roland Lamah
26%
Alberto Paloschi
25%
Marvin Emnes
25%
Itay Shechter
24%
Jazz Richards
24%
Alvaro Vazquez
21%
Mark Gower
21%
Andrea Orlandi
20%
Kemy Agustien
20%
Josh McEachran
18%
Nelson Oliveira
17%
Kenji Gorre
16%
Federico Bessone
14%
Vangelis Moras
6%

Score Distribution

Percentile by Number Answered

Percent of People with Each Score

Your Score History

You have not taken this quiz